| 000 | 00830nac a22002291u 4500 | ||
|---|---|---|---|
| 010 | _a 97035040 | ||
| 020 | _a0256171637 (alk. paper) | ||
| 082 | 0 | 0 |
_a337 _bA6521 |
| 090 |
_c4610 _d4610 |
||
| 100 | _aAppleyard, Dennis R. | ||
| 245 | 1 | 0 |
_aInternational economics / _cDennis R. Appleyard, Alfred J. Field, Jr. |
| 250 | _a3rd ed. | ||
| 260 |
_aBoston : _bIrwin/McGraw-Hill,1998 _cc1998. |
||
| 300 |
_axxiv, 748 p. : _bill. (some col.) ; _c27 cm. |
||
| 504 | _aIncludes bibliographical references (p. 715-736) and index. | ||
| 650 | 0 | _aInternational economic relations. | |
| 650 | 0 | _aInternational trade. | |
| 650 | 0 | _aInternational finance. | |
| 700 | 1 | _aField, Alfred J. | |
| 942 |
_cBB _k337A6521 |
||
| 999 |
_c4610 _d4610 |
||